000 00802cam a2200277 4500
008 000000n2000 000 0 eng u
020 _a0415242800
035 _a(Sirsi) u108313
041 _aeng
050 _a692.5
110 _aMott Green & Wall
_xEditor
245 _aSpon's mechanical and electrical services price book 2001
250 _a32nd
260 _aLondon
_b E & F N Spon
_c2000
300 _axx,512p. ; 24cm
350 _a99.00
650 _aBUILT ENVIRONMENT-BUILDING COSTS
650 _aBlock management
_96220
650 _aELECTRICAL SERVICES
650 _aLABOUR COSTS
650 _aMECHANICAL AND ELECTRICAL SERVICES
650 _aBUILDING PRICE BOOKS
690 _aBUILT ENVIRONMENT-BUILDING COSTS
710 _aDavis Langdon and Everest
_91155
942 _n0
999 _c100770
_d100770